| 000 | 00441nam a2200157Ia 4500 | ||
|---|---|---|---|
| 008 | 151213s9999 xx 000 0 und d | ||
| 020 | _a81-8536-28-8 | ||
| 100 | _aRoman Delgado | ||
| 245 |
_aThe List Short Plays - 1987 _cRoman Delgado |
||
| 260 |
_aNew Delhi _bAffiliated East - West Press Pvt. Ltd. _c1990 |
||
| 300 | _a7296 p. | ||
| 650 | _aEnglish Literature | ||
| 650 | _aEnglish Literature | ||
| 700 | _aRoman Delgado | ||
| 999 |
_c3867 _d3867 |
||